|
|
|
|
| LEADER |
01248nam a2200277 a 4500 |
| 001 |
0017766 |
| 003 |
BD-DhAAL |
| 008 |
090727s2008 nyu b 001 0 eng d |
| 010 |
|
|
|a 2008036904
|
| 020 |
|
|
|a 9780230202085 (pbk.)
|
| 020 |
|
|
|a 023020208X (pbk.)
|
| 040 |
|
|
|a DLC
|c DLC
|d DLC
|d BD-DhAAL
|
| 082 |
0 |
0 |
|a 823.01
|2 22
|
| 245 |
0 |
2 |
|a A world of difference :
|b an anthology of short stories from five continents /
|c edited by Lynda Prescott.
|
| 260 |
|
|
|a New York :
|b Palgrave Macmillan,
|c 2008.
|
| 300 |
|
|
|a xix, 296 p. :
|c 20 cm
|
| 500 |
|
|
|a Published In association with the Open University.
|
| 504 |
|
|
|a Includes bibliographical references (pages 295-296) and index.
|
| 526 |
|
|
|a ENH
|x Sohana Manzoor
Faculty Member of BRAC University
|
| 541 |
1 |
|
|e 00017766
|a Karim International
|
| 650 |
|
0 |
|a Short stories, Commonwealth (English).
|9 58255
|
| 700 |
1 |
|
|a Prescott, Lynda,
|d 1978-
|9 58256
|
| 852 |
4 |
|
|a Ayesha Abed Library
|c General Stacks
|
| 942 |
|
|
|2 ddc
|c BK
|
| 999 |
|
|
|c 2926
|d 2926
|
| 952 |
|
|
|0 0
|1 0
|2 ddc
|4 0
|6 823_010000000000000_WOR_2008
|7 0
|9 7278
|a BRACUL
|b BRACUL
|c GEN
|d 2010-01-17
|e Karim International
|g 974.00
|l 9
|m 95
|o 823.01 WOR
|p 3010017766
|r 2026-04-11
|s 2026-04-09
|t 1
|w 2010-01-17
|y BK
|x Requisitioned by Sohana Manzoor (Faculty member of BRAC University).
|